[Event "US Open-116"]
[Site "Phoenix"]
[Date "2015.08.09"]
[Round "9"]
[White "Huo, Rannon"]
[Black "Rajendra, Anupama S"]
[Result "1/2-1/2"]
[WhiteElo "1701"]
[BlackElo "1842"]
[PlyCount "74"]
[EventDate "2015.08.01"]
[EventType "swiss"]
[EventRounds "9"]
[EventCountry "USA"]
[SourceTitle "CBM 167 Extra"]
[Source "ChessBase"]
[SourceDate "2015.09.14"]
[SourceVersion "1"]
[SourceVersionDate "2015.09.14"]
[SourceQuality "1"]

1. d4 d5 2. c4 c6 3. Nf3 Nf6 4. Nc3 dxc4 5. a4 Bf5 6. e3 e6 7. Bxc4 Bb4 8. 0-0 0-0 9. Nh4 Bg4 10. Be2 Bxe2 11. Qxe2 Nd5 12. Nxd5 exd5 13. Nf3 Re8 14. Bd2 a5 15. Bc3 Bf8 16. Qd3 Na6 17. Rfd1 Nb4 18. Qf5 g6 19. Qg5 f6 20. Qg4 f5 21. Qg5 Qxg5 22. Nxg5 Bh6 23. Nf3 f4 24. exf4 Bxf4 25. g3 Bh6 26. Ne5 Bg7 27. f4 Nc2 28. Rac1 Ne3 29. Rd3 Nf5 30. h4 Nd6 31. Kg2 Ne4 32. b3 Red8 33. Bb2 Rac8 34. Ba3 Ra8 35. Rc2 Re8 36. Bb2 Red8 37. Ba3 Re8 1/2-1/2